L'Art contemporani des de l'àmbit local : eines per al disseny i la gestió de programes d'arts visuals / Florenci Guntín eines per al disseny i la gestió de programes d'arts visuals / Florenci Guntín
Descripción Física:
241 p. : il. ; 24 cm
Colección:
Biblioteca de política cultural ; 1
MARC
| LEADER | 00000nam a2200000Ia 4500 | ||
|---|---|---|---|
| 001 | 12156 | ||
| 008 | 160829s1998 xx 000 0 cat d | ||
| 080 | |a M-1-259 | ||
| 100 | |a Guntín, Florenci |9 24928 | ||
| 245 | |a L'Art contemporani des de l'àmbit local : |b eines per al disseny i la gestió de programes d'arts visuals / Florenci Guntín | ||
| 260 | |a Barcelona : |b Pagès editors ; Diputació de Barcelona, |c 1998 | ||
| 300 | |a 241 p. : |b il. ; |c 24 cm | ||
| 490 | |a Biblioteca de política cultural ; 1 | ||
| 650 | |a Art modern |x S. XX |x Catalunya |9 48745 | ||
| 651 | 0 | |a Catalunya |x Política cultural |9 53685 | |
| 901 | |a Arxiu | ||
| 942 | |n 1 | ||
| 952 | |0 0 |1 0 |4 0 |6 M1259 |7 1 |9 43379 |a Arxiu |b Arxiu |d 2016-12-01 |l 0 |o M-1-259 |p 12156 |r 2016-12-01 00:00:00 |w 2016-12-01 |y ARXIU | ||
| 999 | |c 45924 |d 45924 | ||